Brawl Quiz - Statistics

Estatísticas Gerais
  • Esse quiz foi jogado 176 vezes
  • A pontuação média é 4 de 8
Estatísticas das Respostas
Questão Resposta % Correto
Qual brawler tem supers diferenciadas? Chester
96%
Qual o ÚNICO brawler com 2 fotos de perfil? Moe
81%
Qual dos Brawlers abaixo não se movimenta na super? Buzz
60%
Qual brawler recarrega super com 2 ataques? Dyna
49%
Quantas parcerias o Brawl Stars já fez? BBB, BTS, Dragon Force, Bob esponja, Brown & friends e Godzilla
40%
Qual o brawler com mais skins? Brock
40%
Qual o menor PERSONAGEM do jogo? Filhas da eve
30%
Qual brawler com mais projéteis? Clancy
15%
Nenhum quiz correspondente encontrado
Distribuição das Pontuações
Porcentagem de Pessoas com Cada Pontuação
Percentil de Números Respondidos
Sua Pontuação Histórica
Você não jogou esse quiz